00415nam a2200193Ia 4500003000900000008004100009040001300050040001300063041000800076100002600084245003600110250001100146260001100157260000900168300001100177300001200188490001400200490000700214IT-RoPAU120407s9999 xx 000 0 und d aIT-RoPAU cIT-RoPAU aita aNiccolò Machiavelli aOpere. A cura di Ezio Raimondi. aMilano aMursia c1969 a944 p. c21,5 cm aLe corone v18